000 00361 a2200169 4500
001 184584
020 _a85-16-00308-6
040 _cMagnum
100 _aGanymédes, José
240 1 0 _aA ladeira da saudade
_lpor
245 1 0 _aA ladeira da saudade
300 _a140
362 0 _a1983
440 1 _aModerna
697 _aLITERATURA JUVENIL
942 _cBK
999 _c184584
_d184584